00389ntaaa2200157 45000030003000000050017000030080021000200400037000410820017000781000031000952450020001262500010001462600051001563000009002076500015002160120251027202319.00714s1973 ag 01  aAR-BaBNbspacAR-BaBNeaacrdRIC a280.1000 W89 aWorld Council of Churches  aEvanston speaks a1 ed. aNew York : bWorld Council of Churches, c1954 a72 p aecumenismo